000 00653nam a22002297a 4500
003 UA-OsUOA
001 42278
007 ta
008 20061031b un ||||| |||| 00| 0 ukr d
100 _aГуревич А.М.
090 _a82.09
_bГ95
942 _cBK
040 _aUA-OsUOA
_brus
_cUA-OsUOA
_dUA-OsUOA
245 _aРомантизм в русской литературе
_bПособие для учащихся
300 _a100 с.
955 _a2
041 _arus
080 _a82.09
260 _aМ.
_bПросвещение
_c1980
650 7 _a82 Література. Літературознавство
_2UDC
999 _c328414
_d328414